[Event "BCF-chT3 0809 (4NCL)"]
[Site "Hinckley Island"]
[Date "2009.03.21"]
[Round "7.2"]
[White "Ross, Chris Neil"]
[Black "Malik, Kaiser"]
[Result "1-0"]
[WhiteElo "2197"]
[BlackElo "2075"]
[PlyCount "49"]
[EventDate "2008.10.18"]
[EventType "team-swiss"]
[EventRounds "11"]
[EventCountry "ENG"]
[SourceTitle "EXT 2010"]
[Source "ChessBase"]
[SourceDate "2010.11.25"]
[SourceVersion "1"]
[SourceVersionDate "2010.11.25"]
[SourceQuality "1"]
[WhiteTeam "Braille Chess Association"]
[BlackTeam "Warwicks Select II"]
[WhiteTeamCountry "ENG"]
[BlackTeamCountry "ENG"]

1. d4 Nc6 2. Nf3 d5 3. c4 Bf5 4. cxd5 Qxd5 5. Nc3 Qd7 6. d5 Nd8 7. Bf4 Nf6 8. Ne5 Qc8 9. e4 Bd7 10. Nxd7 Nxd7 11. Be2 e5 12. Bg3 Bd6 13. 0-0 0-0 14. Nb5 Nf6 15. Nxd6 cxd6 16. Rc1 Qd7 17. Qc2 b6 18. Bh4 Ne8 19. Ba6 Nb7 20. b4 f5 21. Qc6 Rf7 22. exf5 Rb8 23. g4 Nd8 24. Qxd7 Rxd7 25. Bb5 1-0

[Event "BCF-chT3 0809 (4NCL)"]
[Site "Hinckley Island"]
[Date "2008.12.06"]
[Round "3.3"]
[White "Graham, Neil"]
[Black "Malik, Kaiser"]
[Result "0-1"]
[WhiteElo "1925"]
[BlackElo "2075"]
[PlyCount "98"]
[EventDate "2008.10.18"]
[EventType "team-swiss"]
[EventRounds "11"]
[EventCountry "ENG"]
[SourceTitle "EXT 2010"]
[Source "ChessBase"]
[SourceDate "2010.11.25"]
[SourceVersion "1"]
[SourceVersionDate "2010.11.25"]
[SourceQuality "1"]
[WhiteTeam "Nottinghamshire II"]
[BlackTeam "Warwicks Select II"]
[WhiteTeamCountry "ENG"]
[BlackTeamCountry "ENG"]

1. d4 d5 2. e4 dxe4 3. Nc3 e5 4. Qh5 Qxd4 5. Be3 Nf6 6. Bxd4 Nxh5 7. Bxe5 Bb4 8. 0-0-0 Bxc3 9. Bxc3 0-0 10. Be5 c6 11. Bc4 Nd7 12. Bd6 Re8 13. g4 Nhf6 14. h3 Nb6 15. Bb3 Be6 16. Bxe6 Rxe6 17. Bc5 Nc4 18. b3 Ne5 19. Ne2 b6 20. Ba3 Nf3 21. Nf4 Ree8 22. Rd6 c5 23. Bb2 Red8 24. Rhd1 Nd4 25. Rxd8+ Rxd8 26. Bxd4 cxd4 27. g5 Ne8 28. Ne2 f6 29. gxf6 Nxf6 30. Nxd4 Nh5 31. c3 Nf4 32. Kd2 Nxh3 33. Ke3 Ng5 34. Rg1 h6 35. c4 Kf7 36. Nc6 Rd3+ 37. Ke2 Nf3 38. Rg3 h5 39. Nxa7 h4 40. Rg4 h3 41. Rxe4 h2 42. Kxd3 h1Q 43. Rf4+ Ke6 44. Nb5 Ne5+ 45. Ke2 Qh5+ 46. Kf1 Qd1+ 47. Kg2 g5 48. Rf8 Ng6 49. Nc7+ Ke7 0-1

[Event "BCF-chT2 0506 (4NCL)"]
[Site "Birmingham"]
[Date "2005.10.23"]
[Round "2.8"]
[White "Malik, Kaiser"]
[Black "Miller, Naomi"]
[Result "0-1"]
[WhiteElo "1935"]
[BlackElo "1941"]
[PlyCount "74"]
[EventDate "2005.10.22"]
[EventType "team"]
[EventRounds "11"]
[EventCountry "ENG"]
[SourceTitle "EXT 2007"]
[Source "ChessBase"]
[SourceDate "2006.11.23"]
[SourceVersion "1"]
[SourceVersionDate "2006.11.23"]
[SourceQuality "1"]
[WhiteTeam "Warwicks Select"]
[BlackTeam "PYO"]
[WhiteTeamCountry "ENG"]
[BlackTeamCountry "ENG"]

1. e4 c5 2. c3 d5 3. exd5 Qxd5 4. d4 g6 5. Nf3 Bg7 6. dxc5 Qxc5 7. Be3 Qa5 8. Nbd2 Nc6 9. Nc4 Qc7 10. Qd2 Nf6 11. Be2 0-0 12. Bh6 Rd8 13. Qc1 Be6 14. 0-0 Rac8 15. h4 Bd5 16. Bxg7 Kxg7 17. Ne3 Bxf3 18. Bxf3 Qf4 19. Bxc6 Rxc6 20. g3 Qf3 21. Rd1 Ne4 22. Qc2 Rcd6 23. Rxd6 Rxd6 24. Nc4 Rd2 25. Qxd2 Nxd2 26. Nxd2 Qe2 27. Nb3 Qxb2 28. c4 a5 29. Re1 Qxa2 30. Re3 a4 31. Na5 a3 32. c5 Qb1+ 33. Kg2 a2 34. Nb3 Qc2 35. Kf3 Qxb3 36. Rxb3 a1Q 37. Rxb7 Qh1+ 0-1